000 00416nam a22001577a 4500
003 OSt
005 20211020083115.0
008 211020b |||||||| |||| 00| 0 eng d
020 _a9041196226
040 _aHU
_cDDC
082 _a346.07202648
245 _aTWENTY YEARS OF INTERNATIONAL SALES LAW UNDER THE CISG
260 _aLONDON
_bKLUWER LAW INTERNATIONAL
_c2000
300 _a276,P,32CM
942 _2ddc
_cBOOKS
_n0
999 _c13503
_d13503